La creación de la República. La filosofía pública en Chile 1810-1830.
Uloženo v:
| Hlavní autor: | |
|---|---|
| Médium: | Kniha |
| Jazyk: | španělština |
| Vydáno: |
Santiago, Chile:
LOM Ediciones,
2009.
|
| Vydání: | Primera edición. |
| Edice: | Colección Ciencias Humanas. Serie Republicana.
|
| Témata: | |
| Tagy: |
Přidat tag
Žádné tagy, Buďte první, kdo vytvoří štítek k tomuto záznamu!
|
MARC
| LEADER | 00000nam a2200000 a 4500 | ||
|---|---|---|---|
| 001 | UCG1223 | ||
| 003 | CL-VaPUC | ||
| 005 | 20250313110308.0 | ||
| 008 | 100429e20090000CL |||||||||||||||||spa|d | ||
| 999 | |c 340632 |d 340630 | ||
| 020 | |a 978-956-00-0124-5 | ||
| 040 | |c Pontificia Universidad Católica de Valparaíso | ||
| 082 | 0 | 4 | |a 320.983 CAS 2009 |2 21 |
| 100 | 0 | |a Castillo Rojas, Vasco |e autor |9 549025 | |
| 245 | 1 | 3 | |a La creación de la República. |b La filosofía pública en Chile 1810-1830. |
| 250 | |a Primera edición. | ||
| 260 | |a Santiago, Chile: |b LOM Ediciones, |c 2009. | ||
| 300 | |a 224 páginas. | ||
| 490 | 0 | |a Colección Ciencias Humanas. Serie Republicana. | |
| 500 | |a c.3 Donación Familia Prof. Alejandro Guzmán Brito. | ||
| 583 | |a last modification |c 20100429 00:00:00 |k Rodrigo Vera | ||
| 650 | 0 | |a Política |9 255312 | |
| 650 | 0 | |a Filosofía política |9 295215 | |
| 650 | 0 | |a Historia de la política |2 CL-VaPUC |9 483778 |y 1810 | |
| 942 | |c BK |2 ddc |n 0 | ||
| 945 | |d 20100429 00:00:00 |a rbrito | ||
| 952 | |0 0 |1 0 |4 0 |6 320_983000000000000_CAS_2009 |7 0 |8 A |9 435507 |a BIBHIS |b BIBHIS |d 2019-11-22 |i 4667891 |o 320.983 CAS 2009 |p 4667891 |r 2025-01-20 |w 2019-11-22 |y BK |k HIS | ||
| 952 | |0 0 |1 0 |4 0 |6 320_983000000000000_CAS_2009 |7 0 |8 A |9 435508 |a BIBHIS |b BIBHIS |d 2019-11-22 |i 4667905 |o 320.983 CAS 2009 |p 4667905 |r 2025-01-20 |w 2019-11-22 |y BK |k HIS | ||
| 952 | |0 0 |1 0 |2 ddc |4 0 |6 320_983000000000000_CAS_2009 |7 1 |8 C_AGB |9 580075 |a BIBDER |b BIBDER |d 2022-01-04 |e Donación |i 5634547 |o 320.983 CAS 2009 |p 5634547 |r 2023-01-25 |t 3 |w 2022-01-04 |y BK_US |k AGB | ||